[Event "US-ch Open 2019"]
[Site "Saint Louis"]
[Date "2019.03.28"]
[Round "8.5"]
[White "Liang, Awonder"]
[Black "Robson, Ray"]
[Result "1/2-1/2"]
[WhiteElo "2590"]
[BlackElo "2667"]
[Annotator "TA"]
[PlyCount "98"]
[EventDate "2019.03.20"]
[EventType "swiss"]
[EventCountry "USA"]
[SourceTitle "playchess.com"]
[Source "ChessBase"]
[SourceQuality "1"]

{[%evp 11,98,0,0,7,26,27,29,-22,-33,-36,-27,-26,-15,-14,-19,-18,-16,-12,-13,-12,-25,-35,-25,-18,-18,-14,-12,-22,0,0,0,0,0,-6,0,0,-6,-2,-2,-12,-1,-8,-4,-5,-5,-5,0,-8,-7,-8,0,0,0,0,0,0,0,0,0,0,0,0,0,0,0,0,0,0,0,0,0,0,0,0,0,0,0,0,0,0,0,0,0,0,0,0,0,0,0]} 1. e4 e5 2. Nf3 Nc6 3. Bc4 Nf6 4. d4 exd4 5. e5 Ne4 6. Qe2 Nc5 $1 ({Much worse is} 6... Bb4+ $6 7. Kd1 $16) 7. O-O {C56: Two Knights: 4 d4 exd4 5 0-0 Nxe4} (7. c3 d3 8. Qe3 Be7 9. b4 Ne6 10. O-O d5 11. exd6 cxd6 12. Qxd3 O-O 13. Nbd2 a5 14. Rb1 axb4 15. cxb4 Nxb4 16. Rxb4 {0-1 (41) Vitiugov,N (2719)-Wang,H (2730) St Petersburg 2018}) 7... Be7 8. Rd1 d5 9. Bb5 (9. exd6 $142 $1 cxd6 10. c3 (10. Nxd4 Nxd4 11. Rxd4 O-O $14)) 9... Bg4 $146 ({Predecessor:} 9... O-O 10. Bxc6 bxc6 11. Nxd4 Qe8 12. c4 f6 13. Nc3 fxe5 14. Qxe5 Qf7 {0-1 (24) Brandenburg,D (2421)-Postny,E (2609) Hoogeveen 2006}) 10. Rxd4 Bxf3 $1 11. Qxf3 O-O $1 {[%csl LRd4,LRe5]} 12. Rd1 Nxe5 13. Qxd5 c6 {[%mdl 64] [#] Double Attack} 14. Qxd8 Raxd8 15. Be2 Ne6 16. Rf1 Rfe8 17. Nd2 Bg5 {The position is equal.} 18. Nb3 {[#] Hoping for f4.} Bxc1 19. Rfxc1 Nd4 20. Nxd4 Rxd4 21. Rd1 Red8 22. Rxd4 Rxd4 23. Rd1 Rxd1+ 24. Bxd1 $11 {[%mdl 4096] Endgame KB-KN} f5 25. h4 f4 26. b3 Kf7 27. g3 Ke6 28. c3 Kd5 29. Kf1 h6 30. Ke2 g5 31. hxg5 hxg5 32. gxf4 gxf4 33. Bc2 a5 34. Bh7 c5 35. Bg8+ Kc6 36. a3 b6 37. Kd2 Kd6 38. Ke2 Kd7 39. Bc4 Kc7 40. a4 Kd6 41. Kd2 Kd7 42. Ke2 Ke7 43. Bg8 Kf6 44. Bd5 Kf5 45. Bg8 Kf6 46. Bd5 Ke7 47. Bc4 Kd6 48. Bg8 Ng4 49. Bc4 {Black must now prevent Kf3.} Ne5 {Accuracy: White = 83%, Black = 68%.} 1/2-1/2

[Event "US-ch Open 2019"]
[Site "Saint Louis"]
[Date "2019.03.28"]
[Round "8.6"]
[White "Gareyev, Timur"]
[Black "Akobian, Varuzhan"]
[Result "1/2-1/2"]
[WhiteElo "2557"]
[BlackElo "2625"]
[Annotator "TA"]
[PlyCount "127"]
[EventDate "2019.03.20"]
[EventType "swiss"]
[EventCountry "USA"]
[SourceTitle "playchess.com"]
[Source "ChessBase"]
[SourceQuality "1"]

{[%evp 13,127,2,0,1,0,0,0,0,2,9,1,0,8,-4,18,-5,-5,-10,-13,-14,-7,-6,-14,-5,0,-4,0,0,0,-22,-29,-28,-14,-31,-16,-33,-19,-86,-87,-77,-85,-79,-84,-70,-72,-68,-3,-5,-8,-8,-3,-3,0,0,0,0,0,-6,0,0,0,-8,0,0,0,-5,-6,-24,-25,-16,-8,-23,-14,-15,0,-33,-20,-15,0,-37,-31,-32,-24,-29,-10,-15,0,-44,-8,-8,-8,-8,0,0,0,0,0,0,0,0,0,0,0,0,0,0,0,0,0,0,0,0,0,0,0,0]} 1. d4 e6 2. c4 Nf6 3. Nc3 Bb4 4. Nf3 b6 5. Qb3 a5 6. Bg5 Bb7 7. e3 h6 8. Bh4 {E12: Queen's Indian: Unusual White 4th moves, 4 a3, 4 Nc3 Bb7 5 a3 and 4 Nc3 Bb7} g5 9. Bg3 Ne4 10. Bd3 d6 11. Bxe4 Bxe4 12. O-O-O Bxc3 13. Qxc3 Nd7 14. Rhg1 Bxf3 $146 15. gxf3 Qf6 16. f4 O-O-O 17. Qd3 gxf4 18. Bxf4 e5 19. Bg3 Qf3 20. c5 Qc6 21. Qf5 exd4 22. exd4 bxc5 23. Kb1 Kb8 24. f3 Rde8 25. Qxf7 (25. dxc5 $11 Nxc5 26. Bf2) 25... c4 $17 26. Rge1 Ref8 27. Qh5 Nb6 28. Qxa5 Rxf3 29. d5 Qa4 (29... Qd7 $15) 30. Qxa4 $11 Nxa4 31. Re4 $132 {[%mdl 2048] White puts up resistance} Nb6 32. Bf4 Rf8 33. Bxh6 R8f5 34. h4 Rh3 35. Bg7 Rxd5 36. Rxd5 Nxd5 {[%mdl 4096] Endgame KRB-KRN} 37. Kc1 c3 38. bxc3 Nxc3 39. Rb4+ Kc8 40. Kb2 Nd5 41. Re4 Kb7 42. Bh6 Nb6 43. Bg5 c5 44. Bd8 Rh2+ 45. Kb3 Rh3+ 46. Kb2 Nd5 47. a4 Kc6 48. Bg5 Rh2+ 49. Kb3 Rh3+ 50. Kb2 Nc3 51. Rg4 {The position is equal.} Nd1+ 52. Kc2 Ne3+ 53. Bxe3 $1 Rxe3 {KR-KR} 54. h5 Rh3 55. Rg5 Rh4 56. Kb3 Rh3+ 57. Kc2 Kb6 58. Rg6 Rxh5 59. Rxd6+ Ka5 60. Kc3 Kxa4 61. Kc4 {[%cal Rd6a6] [#]} Ka3 62. Rc6 Kb2 63. Rxc5 Rxc5+ 64. Kxc5 {Accuracy: White = 68%, Black = 61%.} 1/2-1/2

[Event "US-ch Open 2019"]
[Site "Saint Louis"]
[Date "2019.03.29"]
[Round "9.1"]
[White "Robson, Ray"]
[Black "Nakamura, Hikaru"]
[Result "0-1"]
[WhiteElo "2667"]
[BlackElo "2746"]
[Annotator "TA"]
[PlyCount "110"]
[EventDate "2019.03.20"]
[EventType "swiss"]
[EventCountry "USA"]
[SourceTitle "playchess.com"]
[Source "ChessBase"]
[SourceQuality "1"]

{[%evp 21,110,33,43,37,50,47,52,50,46,23,29,33,28,19,25,9,24,0,0,0,0,0,0,-32,-38,-42,-31,-44,-25,-48,-34,-130,-107,-123,-109,-301,-319,-361,-324,-322,-328,-359,-361,-351,-339,-353,-332,-316,-306,-280,-279,-906,-854,-1056,-1025,-1243,-1262,-29948,-29956,-29949,-29952,-29983,-29956,-12559,-12190,-2213,-927,-920,-920,-913,-906,-898,-891,-884,-877,-877,-800,-877,-877,-815,-779,-29951,-29946,-29961,-29955,-29967,-29968,-29968,-29969,-7264,-5289]} 1. e4 c5 2. Nf3 d6 3. d4 cxd4 4. Nxd4 Nf6 5. Nc3 g6 6. Be3 Bg7 7. f3 O-O 8. Qd2 Nc6 9. Bc4 Bd7 10. O-O-O Rb8 11. Bb3 Na5 12. Bh6 {B77: Sicilian Dragon: Yugoslav Attack, 9 Bc4 sidelines} (12. h4 b5 13. h5 Nc4 14. Bxc4 bxc4 15. hxg6 fxg6 16. Bh6 Qb6 17. b3 Bxh6 18. Qxh6 Qa5 19. Kb2 Rfc8 20. Nd5 cxb3 21. axb3 Kf7 22. Qd2 Qxd2 23. Rxd2 {½-½ (46) Fedoseev,V (2724)-Nakamura,H (2787) Moscow 2018}) 12... Bxh6 13. Qxh6 b5 14. Nd5 {White is slightly better.} Nxb3+ 15. Nxb3 e5 16. Nxf6+ Qxf6 17. h4 Rb6 18. h5 Qe7 19. hxg6 $146 (19. Qe3 {is interesting.} Be6 20. Kb1 Rc6 21. hxg6 fxg6 22. Na5) ({Predecessor:} 19. Qe3 Be6 20. Kb1 Rc6 21. Rd2 {½-½ (21) Yloenen,O (2423)-Sikorsky,H (2470) ICCF email 2012}) 19... fxg6 20. Qe3 Be6 21. Rhf1 Rc6 22. f4 Qc7 23. Rd2 a5 {[%cal Ba7a5,Ba5a4][%mdl 32] Strongly threatening ...a4.} 24. Kb1 a4 25. Nc1 b4 26. Rdf2 ({White should try} 26. f5 $15) 26... exf4 $1 $17 27. Rxf4 Rc8 $36 {[%mdl 2048] Black is really pushing.} 28. Rf6 $2 (28. Nd3 $17 {is a better defense.} Rxc2 29. Nxb4) 28... Rxc2 $19 29. Rxe6 {Ref6 is the strong threat.} Qc4 (29... Rxg2 30. Qd3 $14) 30. Ref6 {Hoping for R6f2.} a3 $1 31. bxa3 bxa3 32. Qxa3 {[#] And now Qb3 would win.} Rxc1+ $1 {[%mdl 512]} 33. Rxc1 (33. Qxc1 Qxe4+) 33... Qxe4+ {[%mdl 64] Double Attack} 34. Kb2 Qe5+ 35. Rc3 {[#]} Rb8+ $1 ({Don't do} 35... Qxf6 36. Qb3+ Kh8 37. a4 $17) 36. Kc2 $2 (36. Ka1 Qxf6 37. Qc1) 36... Qxf6 {[%mdl 4096] Endgame KQR-KQR} 37. Rf3 Qd4 38. Rb3 Qe4+ 39. Kc1 Qe1+ 40. Kc2 Qe2+ 41. Kb1 Qd1+ 42. Qc1 Rxb3+ 43. axb3 Qxb3+ {KQ-KQ} (43... Qxc1+ $142 44. Kxc1 Kf7) 44. Ka1 Qa4+ 45. Kb2 Qb5+ 46. Ka1 Qc5 47. Qd2 h5 48. Kb1 Kg7 49. Qb2+ Qe5 50. Qb7+ Kh6 51. Kc1 d5 52. Kd1 Qe4 53. Qb2 Kg5 54. Qd2+ Kg4 55. Qh6 g5 {Accuracy: White = 36%, Black = 83%.} 0-1

[Event "US-ch Open 2019"]
[Site "Saint Louis"]
[Date "2019.03.29"]
[Round "9.2"]
[White "Dominguez Perez, Leinier"]
[Black "Liang, Awonder"]
[Result "1-0"]
[WhiteElo "2739"]
[BlackElo "2590"]
[Annotator "TA"]
[PlyCount "119"]
[EventDate "2019.03.20"]
[EventType "swiss"]
[EventCountry "USA"]
[SourceTitle "playchess.com"]
[Source "ChessBase"]
[SourceQuality "1"]

{[%evp 19,119,11,11,0,41,38,25,11,18,21,20,19,31,33,31,26,36,41,32,26,21,29,35,29,39,25,29,37,45,9,129,134,119,127,129,114,122,128,131,118,143,99,112,102,123,111,121,101,102,91,91,33,82,68,62,53,61,0,61,61,68,68,68,66,68,76,81,39,135,120,149,150,147,146,165,167,175,131,324,324,334,323,360,360,356,346,776,754,717,797,1926,1571,1168,943,6732,6412,29990,3693,29991,29992,29995,29996]} 1. e4 e5 2. Nf3 Nf6 3. Nxe5 d6 4. Nf3 Nxe4 5. d4 d5 6. Bd3 Bd6 7. O-O O-O 8. c4 c6 9. Qc2 Na6 10. a3 Bg4 {Strongly threatening ...Bxf3.} 11. Ne5 {C42: Petroff Defence: 3 Nxe5 and unusual White 3rd moves} Bf5 (11... Bxe5 $5 12. dxe5 Nac5 $11) 12. b4 {[#]} c5 $1 {[%mdl 512]} (12... Nc7 13. f3 Bg6 14. c5 Bxe5 15. dxe5 Ng5 16. Bb2 d4 17. f4 Nd5 18. fxg5 Ne3 {1-0 (42) Anand,V (2767)-Caruana,F (2811) Wijk aan Zee 2018}) 13. cxd5 {White has an edge.} (13. bxc5 Bxe5) 13... cxd4 14. Bxe4 Rc8 $1 {[%cal Rc8c2] [#]} 15. Nc6 $146 ({Predecessor:} 15. Qd3 Bxe4 16. Qxe4 Re8 17. f4 f6 18. Nd2 fxe5 {1-0 (59) Danin,A (2565)-Lokander,M (2357) Prague 2015}) 15... Bxe4 16. Qxe4 bxc6 17. dxc6 Re8 18. Qf3 Qb6 19. Nd2 Rxc6 ({Avoid the trap} 19... Qxc6 $2 20. Qxc6 Rxc6 21. b5 $18) 20. Nb3 Rc3 21. Qd1 $1 d3 22. Bd2 Rc2 23. g3 Bf8 24. Qf3 Nc5 {[#]} (24... Qg6 $11) 25. Be3 $1 $16 {[%mdl 64] Pin} Qb7 26. Qxb7 Nxb7 27. Rfd1 Rc3 28. Nc1 a5 29. Rxd3 ({Don't play} 29. Nxd3 Rd8 $14) 29... Rc2 30. Rd7 Nd6 31. Nd3 Nc4 32. Bf4 f6 33. bxa5 Nxa5 34. a4 Ra8 35. h4 (35. Bd6 $16) 35... Rc4 36. Be3 Nc6 37. Rc7 Bd6 38. Rd7 Bf8 $1 39. Nb2 Rc2 40. Rb7 Nb4 41. Nd1 $1 Rc6 42. Rb6 Rc7 43. Bf4 Rc2 ({Better is} 43... Rca7 $1 $14) 44. Ne3 $36 {[%mdl 2048] Keeping Black busy.} Rd2 45. Rb5 Rd7 46. a5 Nc6 47. Nc4 {aiming for Nb6.} Nd4 48. Rb8 Ra6 $2 (48... Rxb8 $16 49. Bxb8 Nc6) 49. Bd6 $18 {[%csl Gd6][%cal Rb8f8]} Ne6 50. Re8 Rdxd6 51. Nxd6 Rxd6 52. a6 Nc7 $2 (52... Rxa6 53. Rxa6 Nc7) 53. a7 Nxe8 54. a8=Q {Threatening mate with Qa2+.} Nc7 55. Qc8 Ne6 56. Ra7 Nd8 57. h5 Rd4 {[#]} 58. Kg2 (58. h6 $142 $1 Kh8 (58... gxh6 59. Qc7) 59. Qc7 Kg8 60. hxg7 Ba3 61. Rxa3 Nc6 62. Qxc6 Rd1+ 63. Kg2) 58... Rd6 {[#]} 59. h6 $1 gxh6 60. Qc7 {Accuracy: White = 80%, Black = 50%.} 1-0

[Event "US-ch Open 2019"]
[Site "Saint Louis"]
[Date "2019.03.29"]
[Round "9.3"]
[White "Akobian, Varuzhan"]
[Black "Caruana, Fabiano"]
[Result "0-1"]
[WhiteElo "2625"]
[BlackElo "2828"]
[Annotator "TA"]
[PlyCount "98"]
[EventDate "2019.03.20"]
[EventType "swiss"]
[EventCountry "USA"]
[SourceTitle "playchess.com"]
[Source "ChessBase"]
[SourceQuality "1"]

{[%evp 9,98,24,20,0,14,2,34,12,94,0,0,0,14,-33,-30,-57,-39,-32,0,-25,0,-45,-35,-80,-30,-79,-22,-123,-112,-127,-147,-197,-200,-205,-203,-219,-228,-281,-294,-283,-118,-118,-116,-107,-61,-74,-71,-83,-63,-72,-71,-110,-106,-125,-114,-115,-122,-121,-128,-204,-197,-314,-313,-301,-243,-227,-241,-213,-216,-322,-320,-454,-455,-429,-447,-442,-439,-400,-394,-508,-504,-462,-333,-326,-326,-303,-319,-496,-489,-487,-475]} 1. d4 f5 2. Nc3 Nf6 3. Bg5 d5 4. e3 e6 5. Nf3 a6 (5... Be7 6. Bd3 Ne4 7. Bxe7 Qxe7 8. O-O O-O 9. Ne2 Nd7 10. c4 c6 11. Qc2 Kh8 12. a3 a5 13. Rab1 a4 14. Nc3 Nxc3 15. Qxc3 g5 16. Rbc1 g4 17. Nd2 Nf6 18. Kh1 Bd7 {1-0 (51) Duda,J (2738)-Potapov,P (2516) St Petersburg 2018}) 6. Ne5 {A80: Dutch Defence: Unusual White second moves} c5 7. g4 cxd4 $146 ({Predecessor:} 7... fxg4 8. Nxg4 Be7 9. Bxf6 Bxf6 10. Nxf6+ Qxf6 11. dxc5 O-O 12. Qd2 Nd7 13. Bg2 {½-½ (38) Schwenk,H (2164)-Arnold,G (2221) ICCF email 2016}) 8. exd4 {White is slightly better.} Qb6 (8... fxg4 $11 9. Nxg4 Be7) 9. Na4 ({White should try} 9. gxf5 $1 $16 {Strongly threatening Bxf6.} Nc6 10. Nxc6 (10. Bxf6 Qxb2 11. Qh5+ g6 $18) 10... bxc6 11. Na4 Qa5+ 12. c3) 9... Qa5+ $11 10. c3 {Black must now prevent gxf5.} fxg4 11. Bxf6 gxf6 12. Nxg4 Nd7 13. Ne3 h5 14. Bd3 f5 15. b4 Qc7 16. Rc1 b6 17. Qe2 Kf7 (17... Kd8 $17 {next ...Bxb4! is good for Black.} 18. Qd2 Bb7) 18. Kd1 (18. O-O $11 {keeps the balance.}) 18... Nf6 $1 $17 19. Nb2 {[#]} Bd7 $1 20. c4 Rc8 ({Don't do} 20... Bxb4 21. cxd5 Qf4 22. dxe6+ Bxe6 23. Bc4 $17) 21. Rc2 {[#]} Qf4 $1 ({But not} 21... Bxb4 22. Qf3 $17) 22. cxd5 Bxb4 23. Bc4 {aiming for Nd3.} exd5 ({Resist} 23... Qxd4+ 24. Qd3 $17) 24. Nxd5 Nxd5 (24... Qxd4+ $19 25. Kc1 Rxc4 {[%mdl 64] Remove Defender} 26. Rxc4 Qxd5) 25. Bxd5+ Kf6 26. Qe3 Bd6 27. Qxf4 Bxf4 28. Nd3 Bb8 29. Rxc8 Bxc8 30. Ke2 Re8+ 31. Kd2 Rd8 32. Rc1 Bxh2 33. Bf3 Be6 34. Rc6 (34. Rh1 $17 Bd6 35. a4) 34... Rd6 $19 35. Rc1 (35. Rxd6 $142 Bxd6 36. Bxh5) 35... Rxd4 36. Ke3 Rd8 37. Bxh5 Bxa2 38. f4 Bd5 39. Ne5 (39. Rb1 $142) 39... Rh8 40. Bf3 (40. Rd1 {was necessary.}) 40... Rh4 41. Nd3 Rh3 42. Ne5 Be4 43. Rc8 Rh4 44. Nd3 Bg1+ 45. Ke2 Bxd3+ 46. Kxd3 Rxf4 47. Bb7 a5 48. Rf8+ (48. Rc4 $142 Rf1 49. Bc6) 48... Ke7 49. Rg8 Bc5 {Accuracy: White = 41%, Black = 50%.} 0-1

[Event "US-ch Open 2019"]
[Site "Saint Louis"]
[Date "2019.03.29"]
[Round "9.4"]
[White "So, Wesley"]
[Black "Lenderman, Aleksandr"]
[Result "1-0"]
[WhiteElo "2762"]
[BlackElo "2637"]
[Annotator "TA"]
[PlyCount "119"]
[EventDate "2019.03.20"]
[EventType "swiss"]
[EventCountry "USA"]
[SourceTitle "playchess.com"]
[Source "ChessBase"]
[SourceQuality "1"]

{[%evp 13,119,17,27,17,26,12,8,15,33,-3,29,20,25,27,39,21,44,44,22,33,68,18,57,35,56,22,39,47,55,40,104,102,111,122,124,118,145,143,240,210,212,214,209,213,198,184,232,39,19,0,0,0,0,0,0,0,0,-15,-15,-20,-15,-87,46,40,35,40,182,185,179,89,100,71,263,281,264,0,265,284,301,308,306,299,312,295,302,296,298,293,581,556,797,791,739,661,1435,1470,1347,1360,1387,1283,1320,1089,1462,1474,1579,1468,29971,29969]} 1. c4 e6 2. Nc3 d5 3. d4 Nf6 4. cxd5 exd5 5. Bg5 c6 6. e3 Be7 7. Bd3 Nbd7 {[%cal Bb8d7,Bd7f8,Bf8e6][%mdl 32]} 8. h3 {D35: Queen's Gambit Declined: Exchange Variation} (8. Nge2 Nf8 9. O-O Ne6 10. Bh4 g6 11. b4 a6 12. Na4 O-O 13. Nc5 Ng7 14. Rc1 Nfe8 15. Bxe7 Qxe7 16. a4 Nd6 {½-½ (43) Ding,L (2813)-Fedoseev,V (2724) Wijk aan Zee 2019}) 8... Nf8 9. Qc2 Ne6 10. Bh4 {The position is equal.} g6 11. Nge2 Ng7 12. f3 O-O 13. O-O-O b5 14. g4 a5 15. Nf4 $146 ({Predecessor:} 15. e4 Be6 16. e5 Nd7 17. Bxe7 Qxe7 18. f4 f5 19. g5 Nb6 {1-0 (38) Brond,V-Gaete,R Cordoba 1970}) 15... a4 16. Kb1 Ne6 17. Nce2 Nxf4 18. exf4 (18. Nxf4 {feels hotter.} Qb6 19. e4 Ra7 20. Rhe1 dxe4 21. fxe4 b4 22. Bc4) 18... Bd7 19. f5 b4 20. Qc1 Ne8 21. Bg3 a3 (21... Bg5 $14 22. Bf4 Bxf4 23. Qxf4 (23. Nxf4 b3 $11) 23... Qf6) 22. b3 $1 $16 Bg5 23. Qc2 $1 Bh4 24. Be5 $1 f6 25. Bf4 gxf5 (25... g5 $16) 26. gxf5 $18 (26. Bxf5 Rf7 $16) 26... Kh8 27. Rdg1 Qe7 28. Rg4 $1 {[%cal Rg4h4]} Bg5 29. Rhg1 $1 Rc8 30. Qd2 $2 (30. Bxg5 fxg5 31. Rxg5 Qe3 $14) (30. Rxg5 $18 fxg5 31. Be5+ (31. Bxg5 Rf6 $14) (31. Rxg5 c5 $16) 31... Nf6 32. Qc1 (32. Rxg5 c5 $14)) 30... Ng7 $1 $14 31. Bxg5 fxg5 32. Rxg5 Nxf5 33. Rh5 {Hoping for Nf4.} Rf6 $1 34. Rgg5 {[%cal Rg5f5]} Re8 35. Nc1 {[%cal Rg5f5]} Ref8 36. Bc2 R8f7 37. Qf4 {[#]} (37. Rg2 $1 $11 {was the only way to keep the balance.}) 37... Qe3 (37... Qf8 $1 $17) 38. Qb8+ {[%mdl 64] Double Attack} Rf8 39. Qxb4 R6f7 (39... h6 $14) 40. Qxa3 $18 Qxd4 41. Rg4 (41. Ne2 $18 {is more deadly.} Qe3 42. Qb2+ d4 43. Be4) 41... Qc3 $16 42. Rf4 Ne3 $2 {[#]} (42... Qe3 $16 43. Qb2+ d4) 43. Bxh7 $1 $18 {Black must now prevent Rxf7.} Rxf4 44. Qd6 $2 $40 {[%mdl 128] White mounts an attack.} (44. Bd3+ $18 Kg8 45. Rg5+ Kh8 46. Qd6) 44... R8f7 $2 {[%mdl 8192]} (44... Qg7 $1 $11 {and Black has nothing to worry.}) 45. Bd3+ Kg8 46. Rg5+ Rg7 47. Qxf4 Nd1 {[%csl Gd1][%cal Rc3b2]} 48. Rxg7+ Kxg7 {[%csl Gd1][%cal Rc3b2]} 49. Qh2 ({Less strong is} 49. Qg3+ Kf7 $16) 49... Qd4 50. Qd2 Nf2 $2 (50... Ne3 {might work better.} 51. Ne2 Qe5) 51. Qg5+ Kf7 52. Bg6+ Kf8 53. h4 Nd1 {[%csl Gd1][%cal Rd4b2]} 54. Qd8+ Kg7 55. Qxd7+ {[%mdl 64] Double Attack} Kxg6 56. Qg4+ Qxg4 57. fxg4 Ne3 58. g5 Nf5 59. a4 {[%cal Ba2a4,Ba4a5][%mdl 32]} Nxh4 60. a5 {Accuracy: White = 61%, Black = 45%.} 1-0

[Event "US-ch Open 2019"]
[Site "Saint Louis"]
[Date "2019.03.29"]
[Round "9.5"]
[White "Xiong, Jeffery"]
[Black "Sevian, Samuel"]
[Result "1/2-1/2"]
[WhiteElo "2663"]
[BlackElo "2642"]
[Annotator "TA"]
[PlyCount "206"]
[EventDate "2019.03.20"]
[EventType "swiss"]
[EventCountry "USA"]
[SourceTitle "playchess.com"]
[Source "ChessBase"]
[SourceQuality "1"]

{[%evp 26,206,0,-16,-14,-9,-22,-47,-25,-25,-14,-47,-52,-36,-8,-22,-22,-22,-22,-22,-22,-22,-22,-22,-22,-22,-22,-22,-22,-22,-22,-22,-22,-22,-22,-22,-22,-22,-22,-22,-22,-22,-22,-22,-22,-22,-22,-22,-22,-33,-13,-16,-16,-16,-12,-12,-11,-11,-11,-12,-12,-12,-12,-12,-11,-11,-11,-11,-11,-12,-12,-12,-12,-22,-22,-22,-22,-22,-22,-22,-22,-22,-22,-33,-22,-33,-22,-22,-22,-22,-22,-22,-22,-33,0,-22,-22,-22,-8,-22,-22,-22,-22,-33,-33,-33,-33,-33,-33,-33,-33,-33,-33,-33,-33,-33,-33,-33,0,-33,-33,-33,-33,-33,-33,-33,-33,-33,-33,-33,-33,-33,-33,-33,-33,-33,-33,-33,-33,-33,-33,-33,-33,-33,-33,-33,-33,-33,-33,-33,-33,-33,-33,-33,-33,-33,-33,-33,-33,-33,-33,-33,-33,-33,-33,-33,-33,-33,-33,-33,-33,-33,0,0,0,-33,-33,-33,-33,-33,-33,-33,0]} 1. Nf3 d5 2. d4 Nf6 3. c4 e6 4. g3 dxc4 5. Bg2 c5 6. O-O Nc6 7. Ne5 {[%cal Bf3e5,Be5c4,Bc4d6][%mdl 32]} Bd7 8. Nxc4 cxd4 9. Bf4 Be7 {E04: Open Catalan: 5 Nf3} 10. Nd6+ Kf8 11. Nxb7 Qb6 12. Nd6 Qc5 13. b4 Qxb4 14. a3 {LiveBook: 5 Games} Qc5 15. Nd2 e5 $1 {[%cal Re5f4]} (15... Bxd6 $6 16. Rc1 $16 (16. Nb3 Qb6 $16)) 16. N2e4 Nxe4 17. Nxe4 {[#]} Qb6 $146 18. Bg5 f6 19. Rb1 Qa6 20. f4 fxg5 21. fxe5+ Ke8 {[#] Hoping for ...Rc8.} 22. Qb3 $1 {And now e6 would win.} Nd8 $1 ({Wrong is} 22... Qxe2 $2 23. Rfe1 $18 (23. e6 Qe3+ 24. Qxe3 dxe3 $18)) (22... Nxe5 $2 23. Qd5 $18) 23. Nd6+ Bxd6 24. exd6 Rc8 $1 25. Qd5 $1 {[%cal Rd5e5] Strongly threatening Qe5+.} Qxa3 26. e3 $1 {[%cal Re3d4]} Ne6 ({Don't take} 26... dxe3 27. Qxg5 Qxd6 28. Qxg7 $17) 27. exd4 Qe3+ {[%mdl 64] [#] Double Attack} 28. Kh1 Qxd4 {White must now prevent ...Rf8.} 29. Rfe1 $1 {[%cal Re1e6]} Qxd5 30. Bxd5 Kd8 {aiming for ...Nd4.} 31. Bxe6 Re8 32. Bxd7 $1 Rxe1+ 33. Rxe1 {Threatening mate with Ba4.} Kxd7 $11 {[%mdl 4096] Endgame KR-KR} 34. Re7+ Kxd6 35. Rxa7 Rc7 36. Ra5 h6 37. Kg2 g4 38. Ra2 Ke6 39. h3 gxh3+ 40. Kxh3 Rc5 41. Ra4 Kf6 42. Rf4+ Rf5 {...Rxf4 is the strong threat.} 43. Ra4 Rf1 44. Kg4 Kg6 45. Ra5 Rf6 46. Rb5 Re6 47. Ra5 Re4+ 48. Kf3 Rb4 49. Rc5 h5 50. Rc6+ Kg5 51. Rc5+ Kh6 52. Rc6+ g6 53. Rc5 Rb3+ 54. Kf2 Rd3 55. Ra5 Kg7 56. Rb5 Ra3 57. Rc5 Ra6 58. Rb5 Kf6 59. Kf3 Kg7 60. Kf2 Rf6+ 61. Kg2 Rf5 62. Rb4 Ra5 63. Kf3 Kf6 64. Kf2 g5 65. Kf3 Kf5 66. Kf2 Ra3 67. Rc4 Ra2+ 68. Kf3 Ra5 69. Rb4 Rd5 70. Ra4 Rd3+ 71. Kf2 $1 Ke5 72. Rb4 Rd5 73. Ra4 Rb5 74. Kf3 g4+ 75. Kf2 Rb2+ 76. Ke3 Rb3+ 77. Kf2 Rf3+ 78. Kg2 Rd3 79. Ra8 Rd2+ 80. Kg1 Ke4 81. Rf8 Rd5 82. Kg2 Kd3 83. Re8 Kd4 84. Re7 Re5 85. Rd7+ Ke3 86. Ra7 Rd5 87. Re7+ Kd4 88. Re8 Ra5 89. Rd8+ Ke5 (89... Kc3 {feels hotter.} 90. Re8 Ra2+ 91. Kh1 Kd3 92. Rd8+ Ke2) 90. Re8+ Kf6 91. Rf8+ Kg7 92. Rf2 Kg6 93. Rb2 Kf6 94. Rf2+ Ke5 95. Re2+ Kd4 96. Re8 Ra2+ 97. Kg1 Rd2 98. Re7 Kd3 99. Re5 Re2 100. Rf5 Ke3 {Black is slightly better.} 101. Rf8 Rd2 102. Rf7 Ke2 103. Rf2+ Ke3 {Accuracy: White = 75%, Black = 82%.} (103... Kd3 $5 {[%cal Rd2f2]} 104. Rf5 Ke4 $15) 1/2-1/2